|
|
|
|
| LEADER |
00000nam a2200000 a 4500 |
| 001 |
vtls001068159 |
| 003 |
SK-MaSNL |
| 005 |
20260301110858.0 |
| 008 |
250414s1988 xo 0 slo |
| 015 |
|
|
|a SNBA1992/06
|
| 035 |
|
|
|a SNK000010989
|
| 040 |
|
|
|a SNK
|b slo
|c SNK
|e AACR2
|
| 041 |
0 |
|
|a slo
|
| 044 |
|
|
|a xo
|c SK
|
| 080 |
|
|
|a 745.9(035)
|2 1981
|
| 100 |
1 |
|
|a Höhn, Reinhardt
|4 aut
|9 449553
|
| 245 |
1 |
0 |
|a Kvetiny na každú príležitosť
|b Ako darovať, upraviť a ošetrovať rezané kvetiny
|c Reinhardt Höhn ; Adela Pagáčová, V. Paříková, Jochen Friedrich
|
| 250 |
|
|
|a 3. vyd.
|
| 260 |
|
|
|a Bratislava
|b Príroda
|a S.l.
|b , b.t. [vyd.]
|c 1988
|
| 300 |
|
|
|a 132 s., 7,63 AH
|c 19 cm
|
| 366 |
|
|
|e 20000 výtl.
|
| 490 |
0 |
|
|a Rastlinná výroba
|
| 500 |
|
|
|a Fot. na front. Vytl. v NDR.
|
| 700 |
1 |
|
|a Pagáčová, Adela
|4 trl
|9 46114
|
| 700 |
1 |
|
|a Paříková-Slotíková, Valéria
|4 trl
|9 449554
|
| 700 |
1 |
|
|a Friedrich, Jochen
|4 bkd
|9 449555
|
| 852 |
|
|
|a Slovenská národná knižnica
|
| 954 |
|
|
|a kvety
|a aranžovanie
|
| 958 |
|
|
|a OND
|
| 958 |
|
|
|a DE
|
| 958 |
|
|
|a TL
|
| 958 |
|
|
|a OP
|
| 999 |
|
|
|c 704608
|d 706538
|
| 952 |
|
|
|t P60, <04>, [BOOK], {604}
|a SNK
|b SNK
|y VYP
|7 0
|p 17A0350594
|o snkSD 64188 D1
|i snkKSP 3867/92
|0 0
|1 0
|4 0
|d 2002-08-19
|l 0
|r 2004-12-31 00:00:00
|w 2026-02-23
|
| 952 |
|
|
|a SNK
|b SNK
|y PREZ
|7 0
|p 17A1044788
|o snkSD 64188
|0 0
|1 0
|4 0
|d 2013-08-21
|l 0
|r 2026-02-23 21:11:45
|w 2026-02-23
|